| 000 | 00517cam a2200205ua 4500 | ||
|---|---|---|---|
| 001 | 935 | ||
| 005 | 20260515113240.0 | ||
| 008 | 110423n ii |||gr||||Z||||||eng | ||
| 020 | _a81-7488-178-6 | ||
| 040 | _cMAIN | ||
| 082 | _a323.4 | ||
| 245 | 1 |
_aHuman rights and new world order _cby J.C. Johari |
|
| 250 | _a1st. | ||
| 260 |
_aNew Delhi: _bAnmol publications,996. |
||
| 300 | _a306p.:0cm. | ||
| 653 | _aPolitical science | ||
| 653 | _aHuman rights and new world order | ||
| 700 | _aJohari, J.C., | ||
| 942 | _cBK | ||
| 999 |
_c858 _d858 |
||